| 000 | 00962nam a2200277 i 4500 | ||
|---|---|---|---|
| 001 | 17304 | ||
| 003 | ES-MaACL | ||
| 005 | 20230906151539.0 | ||
| 007 | t| | ||
| 008 | 010126s1998 sp ||||1| spa d | ||
| 020 | _a84-7651-365-8 | ||
| 080 | _a821.134.1-992"18" | ||
| 100 | 1 |
_aSchwob, Marcel. _9104916 |
|
| 245 | 1 | 0 |
_aViaje a Samoa _b: cartas a Margarita Moreno / _cMarcel Schwob ; precedido por La tumba de las aventuras por Enrique Vila-Matas ; prólogo de Eduardo Jordá ; prefacio de Pierre Champion ; traducción de Jaume Pomar. |
| 250 | _a2ª ed. | ||
| 260 |
_aPalma de Mallorca : _bOlañeta, _c1998. |
||
| 300 |
_a122 p. ; _c17 cm. |
||
| 490 | 1 |
_aTerra incognita ; _v4 |
|
| 700 | 1 |
_aVila-Matas, Enrique. _9114728 |
|
| 700 | 1 |
_aJordá, Eduardo. _966894 |
|
| 700 | 1 |
_aChampion, Pierre. _937924 |
|
| 700 | 1 |
_aPomar, Jaume. _992897 |
|
| 830 | 0 |
_aTerra incognita ; _v4 _9192333 |
|
| 852 |
_aES-MaACL _jL-24160 _bR.129302 |
||
| 999 |
_c17304 _d17304 |
||